000 01375cas a2200409 a 4500
001 11480768
003 NUST
005 20211112203726.0
008 970620c19979999gw uu p 0 0eng
010 _a 97640157
015 _a01852902X
_2dnb
016 7 _a1353913-9
_2DE-600
035 _a(OCoLC)ocm37160804
038 _aM. Shaban
040 _aDLC
_beng
_cDLC
_dGBVCP
_dOCoLC
041 1 _aeng
_hrus
042 _apcc
050 0 0 _aQA331.7
_b.C658
082 0 0 _a515.9
_221
_bZIL
245 0 0 _aComplex analysis.
_cDennis G. Zill
250 _a3rd ed.
260 _aBerlin ;
_aNew Delhi :
_bRaj Press,
_c2017
300 _av. :
_bill. ;
_c24 cm.
362 0 _a1-
490 1 _aEncyclopaedia of mathematical sciences
563 _aP.B
580 _aTranslated from various issues of: Itogi nauki i tekhniki. Serii︠a︡ Sovremennye problemy matematiki. Fundamentalʹnye napravlenii︠a︡.
590 _aSERBIB/SERLOC merged record
650 0 _aFunctions of complex variables.
_984044
650 0 _aMathematical analysis.
_984045
730 0 _aItogi nauki i tekhniki. Serii︠a︡ Sovremennye problemy matematiki. Fundamentalʹnye napravlenii︠a︡.
_984046
830 0 _aEncyclopaedia of mathematical sciences.
_984047
906 _a7
_bcbc
_cserials
_du
_encip
_f19
_gn-oclcserc
942 _2ddc
_cBK
999 _c586722
_d586722